|
|
|
|
| LEADER |
01970nam a2200493 a 4500 |
| 001 |
EBC476181 |
| 003 |
MiAaPQ |
| 005 |
20200520144314.0 |
| 006 |
m o d | |
| 007 |
cr cn||||||||| |
| 008 |
090910s2010 dcuab sb i001 0 eng |
| 010 |
|
|
|z 2009035880
|
| 020 |
|
|
|z 9780821381083
|
| 020 |
|
|
|z 0821381083
|
| 020 |
|
|
|a 9780821381113 (electronic bk.)
|
| 020 |
|
|
|a 0821381113 (electronic bk.)
|
| 035 |
|
|
|a (MiAaPQ)EBC476181
|
| 035 |
|
|
|a (Au-PeEL)EBL476181
|
| 035 |
|
|
|a (CaPaEBR)ebr10364108
|
| 035 |
|
|
|a (CaONFJC)MIL246125
|
| 035 |
|
|
|a (OCoLC)593209940
|
| 040 |
|
|
|a MiAaPQ
|c MiAaPQ
|d MiAaPQ
|
| 043 |
|
|
|a cl-----
|a cc-----
|
| 050 |
|
4 |
|a HF5616.L29
|b F67 2010
|
| 082 |
0 |
4 |
|a 657.098
|2 22
|
| 100 |
1 |
|
|a Fortin, Henri,
|d 1964-
|
| 245 |
1 |
0 |
|a Accounting for growth in Latin America and the Caribbean
|h [electronic resource] :
|b improving corporate financial reporting to support regional economic development /
|c Henri Fortin, Ana Cristina Hirata Barros, Kit Cutler.
|
| 260 |
|
|
|a Washington, D.C. :
|b World Bank,
|c c2010.
|
| 300 |
|
|
|a xxix, 164 p. :
|b ill., maps.
|
| 490 |
1 |
|
|a Directions in development. Finance
|
| 504 |
|
|
|a Includes bibliographical references and index.
|
| 533 |
|
|
|a Electronic reproduction. Ann Arbor, MI : ProQuest, 2015. Available via World Wide Web. Access may be limited to ProQuest affiliated libraries.
|
| 650 |
|
0 |
|a Accounting
|z Latin America.
|
| 650 |
|
0 |
|a Accounting
|z Caribbean Area.
|
| 650 |
|
0 |
|a Corporations
|z Latin America
|x Accounting.
|
| 650 |
|
0 |
|a Corporations
|z Caribbean Area
|x Accounting.
|
| 650 |
|
0 |
|a Economic development
|z Latin America.
|
| 650 |
|
0 |
|a Economic development
|z Caribbean Area.
|
| 655 |
|
4 |
|a Electronic books.
|
| 700 |
1 |
|
|a Barros, Ana Cristina.
|
| 700 |
1 |
|
|a Cutler, Kit,
|d 1979-
|
| 710 |
2 |
|
|a ProQuest (Firm)
|
| 830 |
|
0 |
|a Directions in development (Washington, D.C.).
|p Finance.
|
| 856 |
4 |
0 |
|u https://ebookcentral.proquest.com/lib/matrademy/detail.action?docID=476181
|z Click to View
|